| 000 | 00449nam a2200193Ia 4500 | ||
|---|---|---|---|
| 008 | 210210b1954 xxu||||| |||| 00| 0 eng d | ||
| 041 | _aeng | ||
| 082 | _a821/915 | ||
| 100 | _aMILLER (H) | ||
| 245 | _aBest One-Act Plays of 1952-1953 | ||
| 260 |
_aLondon _bGeorge G Harrap & Co Ltd. _c1954 |
||
| 650 | _aPlays | ||
| 650 | _aOne-Act | ||
| 650 | _aof | ||
| 650 | _aBest | ||
| 650 | _a1952-1953 | ||
| 690 | _aEnglish Drama | ||
| 906 | _a012081 | ||
| 999 |
_c130832 _d130832 |
||